|
|
|
|
| LEADER |
00000nab a2200000 a 4500 |
| 001 |
vtls000234585 |
| 003 |
SK-MaSNL |
| 005 |
20260305011129.0 |
| 008 |
111130c1985 xo 0 slo |
| 015 |
|
|
|a SNBRB19rr/mm-uuuuu
|
| 035 |
|
|
|a CL0244699
|
| 040 |
|
|
|a SNKBUCL
|b slo
|c SNKBUCL
|e AACR2
|
| 041 |
0 |
|
|a slo
|
| 044 |
|
|
|a xo
|c SK
|
| 080 |
|
|
|a 791.44.071.1
|2 1981
|
| 080 |
|
|
|a 929 Dovženko, Oleksandr Petrovič
|2 1981
|
| 100 |
1 |
|
|a Farkašová, Etela,
|d 1943-
|4 aut
|9 100186
|
| 245 |
1 |
0 |
|a Oleksandr Dovženko: Začarovaná Desna
|b Stretnutie s velikánom filmu
|c Etela Farkašová
|
| 600 |
1 |
7 |
|a Dovženko, Oleksandr,
|d 1894-1956
|2 snkbucl
|9 227092
|
| 655 |
|
7 |
|a články z novín a časopisov
|2 snkbucl
|9 267496
|
| 773 |
0 |
|
|t Smena
|g Roč. 38, č. 277 (23. 11. 1985), s. 6
|
| 850 |
|
|
|a Slovenská národná knižnica v Martine
|a MTA001
|
| 852 |
|
|
|a SNK
|b KIS3GCP
|
| 958 |
|
|
|a RK
|
| 958 |
|
|
|a SU
|
| 992 |
|
|
|a RBX
|
| 999 |
|
|
|c 3250996
|d 3252926
|